Service charge operating report 2010/11 (Record no. 112231)
[ view plain ]
| 000 -LEADER | |
|---|---|
| fixed length control field | 01330cad a22002415a 4500 |
| 001 - CONTROL NUMBER | |
| control field | L152852 |
| 008 - FIXED-LENGTH DATA ELEMENTS--GENERAL INFORMATION | |
| fixed length control field | 110506s2011 xxk f 000 0 eng d |
| 035 ## - SYSTEM CONTROL NUMBER | |
| System control number | (Sirsi) u152852 |
| 041 0# - LANGUAGE CODE | |
| Language code of text/sound track or separate title | eng |
| 050 04 - LIBRARY OF CONGRESS CALL NUMBER | |
| Classification number | 346.4104342 $2 18 |
| 100 1# - MAIN ENTRY--PERSONAL NAME | |
| Personal name | Holt, Andrew |
| 245 00 - TITLE STATEMENT | |
| Title | Service charge operating report 2010/11 |
| Remainder of title | SCOR 2010/11 |
| Medium | [electronic resource] |
| 260 ## - PUBLICATION, DISTRIBUTION, ETC. | |
| Place of publication, distribution, etc. | Bristol |
| Name of publisher, distributor, etc. | Property Solutions (UK) |
| Place of publication, distribution, etc. | London |
| Name of publisher, distributor, etc. | Kingston University |
| Date of publication, distribution, etc. | 2011 |
| 520 ## - SUMMARY, ETC. | |
| Summary, etc. | This latest report on service charges paid on commercial office buildings by British business is based on an analysis of service charge returns from the tenants of 756 large-scale multi-let buildings located predominantly in England and Wales. Highlights the need for greater transparency in the management of service charges, standardisation of accounting procedures; and better training for property surveyors. |
| 590 ## - LOCAL NOTE (RLIN) | |
| Local note | KA NTK |
| 651 #4 - SUBJECT ADDED ENTRY--GEOGRAPHIC NAME | |
| Geographic name | United Kingdom |
| Chronological subdivision | |
| 690 ## - LOCAL SUBJECT ADDED ENTRY--TOPICAL TERM (OCLC, RLIN) | |
| Topical term or geographic name as entry element | PROPERTY-COMMERCIAL PROPERTY-COMMERCIAL LANDLORD AND TENANT-COMMERCIAL SERVICE CHARGES |
| 690 ## - LOCAL SUBJECT ADDED ENTRY--TOPICAL TERM (OCLC, RLIN) | |
| Topical term or geographic name as entry element | PROPERTY-COMMERCIAL PROPERTY-OFFICE PROPERTY-OFFICES |
| 700 1# - ADDED ENTRY--PERSONAL NAME | |
| Personal name | Barrass, David |
| 700 1# - ADDED ENTRY--PERSONAL NAME | |
| Personal name | Zatolokina, Anastasia |
| 856 40 - ELECTRONIC LOCATION AND ACCESS | |
| Uniform Resource Identifier | <a href="https://www.property-solutions.co.uk/site_media/uploads/scor_2011_final_report.pdf">https://www.property-solutions.co.uk/site_media/uploads/scor_2011_final_report.pdf</a> |
| Public note | View the report free of charge at www.property-solutions.co.uk |
| 942 ## - ADDED ENTRY ELEMENTS (KOHA) | |
| Suppress in OPAC | 0 |
| Withdrawn status | Lost status | Source of classification or shelving scheme | Damaged status | Not for loan | Home library | Current library | Shelving location | Date acquired | Total Checkouts | Full call number | Barcode | Date last seen | Copy number | Price effective from | Koha item type |
|---|---|---|---|---|---|---|---|---|---|---|---|---|---|---|---|
| Dewey Decimal Classification | Virtual | Virtual | Online | 06/05/2011 | ONLINE PUBLICATION | 152852-2001 | 06/08/2019 | 1 | 06/08/2019 | Book |